000 00443cam a2200169ua 4500
020 _c20.00
041 _aeng
_h
082 _a634.610 688
_bMAR/DO
100 _aMarkose, VT .
245 _aDomestic marketing of coconut products in india /
_cVT Markose.
_hTextual Documents
260 _a :
_bAsain and pacific coconut company ,
_c1993.
300 _a43 ; .
365 _a20.00
504 _a
942 _cBK
999 _c2799
_d2799